Selected Determinants of Lifelong Learning of Population in the Slovak Republic

Vzdelanostná úroveň ľudského kapitálu. Závislosť vzdelávania na vybraných faktoroch skúmaná regresnou analýzou. OLS model odhadu parametrov. Gretl - ekonometrický softvér.

Enregistré dans:
Détails bibliographiques
Auteur principal: Hudoková, Kristína
Autres auteurs: Schultzová, Anna, Rabatinová, Marcela, 1977-
Format: Chapitre de livre
Langue:anglais
Sujets:
Tags: Ajouter un tag
Pas de tags, Soyez le premier à ajouter un tag!

MARC

LEADER 00000naa$a2200000$$$4500
001 0195515
005 20240502083455.5
041 0 |a eng 
044 |a CZ 
245 1 0 |a Selected Determinants of Lifelong Learning of Population in the Slovak Republic  |c Kristína Hudoková, Anna Schultzová, Marcela Rabatinová 
520 |a Vzdelanostná úroveň ľudského kapitálu. Závislosť vzdelávania na vybraných faktoroch skúmaná regresnou analýzou. OLS model odhadu parametrov. Gretl - ekonometrický softvér. 
610 2 0 |a vzdelávanie celoživotné 
610 2 0 |a vzdelávanie dospelých 
610 2 0 |a kapitál ľudský 
610 2 0 |a analýza regresná 
610 2 0 |a trh práce 
610 2 0 |a rozvoj trvalo udržateľný 
100 1 |a Hudoková, Kristína 
700 1 |a Schultzová, Anna 
700 1 |a Rabatinová, Marcela, 1977-